000
00281nam a2200109Ia 4500
008
190216s9999||||xx |||||||||||||| ||und||
100
_a
Shankara Kurup G
245
0
_a
Oormagalude Oolangalil
260
_b
Sahithya Pravarthaka Sahakarana Sangam
650
_a
Athmakadha
942
_c
BK
999
_c
25885
_d
25885